Statistiques concernant A quel club appartient ce maillot N°6

Cliquez ici pour prendre le quiz!

Statistiques générales

  • Ce quiz a été pris 210 fois
  • Le résultat moyen est 6 sur 10

Statistiques - réponses

Réponse% Correct
Paris
96%
Lyon
95%
Liverpool
94%
Arsenal
83%
Juventus
68%
AS Roma
61%
Manchester City
36%
Tottenham
20%
Dynamo Kiev
18%
Kaizer Chiefs
15%

Distribution des résultats

Percentile par nombre de réponses

% des personnes avec chaque résultat

Votre développement - résultats

Vous n’avez pas pris ce quiz